|
|
|
|
| LEADER |
00000nam a2200000 a 4500 |
| 001 |
vtls001340809 |
| 003 |
SK-MaSNL |
| 005 |
20260301114557.0 |
| 008 |
240315s1998 xo a rc 0 slo |
| 015 |
|
|
|a SNBA1998/11-04215
|
| 020 |
|
|
|a 8080412170
|
| 035 |
|
|
|a SNK000293911
|
| 035 |
|
|
|a urn:nbn:sk:snk-amki4a
|
| 035 |
|
|
|a urn:nbn:sk:snk-am003cuw
|
| 035 |
|
|
|a 0B758B2F-DD2D-49A4-B88E-71EA294DF725
|
| 040 |
|
|
|a SNK
|b slo
|c SNK
|e AACR2
|
| 041 |
0 |
|
|a slo
|
| 044 |
|
|
|a xo
|c SK
|
| 080 |
|
|
|a 929(100)(072)
|2 1981
|
| 100 |
1 |
|
|a Jedinák, Dušan,
|d 1944-
|4 aut
|9 105574
|
| 245 |
1 |
0 |
|a Vyjadrili ľudskosť
|b humanisti aj pre 21. storočie
|n 1. časť
|c Dušan Jedinák
|
| 260 |
|
|
|a Banská Bystrica
|b Metodické centrum
|c 1998
|
| 300 |
|
|
|a 35 s.
|c 21 cm
|
| 500 |
|
|
|a 110 výt.
|
| 504 |
|
|
|a Bibliogr. odkazy
|
| 650 |
0 |
7 |
|a osobnosti významné svetové
|x príručky metodické
|2 SNK
|9 458258
|
| 655 |
|
7 |
|a biografie
|2 SNK
|9 27965
|
| 919 |
|
|
|a 80-8041-217-0
|
| 958 |
|
|
|a TL
|
| 958 |
|
|
|a NB
|
| 958 |
|
|
|a BQ
|
| 958 |
|
|
|a BC
|
| 999 |
|
|
|c 718989
|d 720919
|
| 952 |
|
|
|t P60, <03>, [BOOK], {603}
|a SNK
|b SNK
|y PREZ
|7 0
|p 17A0158909
|o snkSC 96566/1
|i snkKSP 8254/98
|0 0
|1 0
|4 0
|d 1998-09-03
|f 1
|l 0
|r 2025-09-16 00:00:00
|w 2026-02-23
|
| 952 |
|
|
|t P60, <04>, [BOOK], {604}
|a SNK
|b SNK
|y VYP
|7 0
|p 17A0158908
|o snkSC 96566/1 D1
|i snkKSP 8255/98
|0 0
|1 0
|4 0
|d 1998-09-03
|l 0
|r 2005-01-02 00:00:00
|w 2026-02-23
|